000 00768nam a2200181 4500
008 240216b |||||||| |||| 00| 0 eng d
020 _a9789221329954
082 _a331
_bINT
110 _a International Labour Organization
245 _aFuture of Work in Sri Lanka:
_bShaping technology transitions for a brighter future
260 _aColombo:
_bILO Country Office for Sri Lanka and the Maldives
_c2019
300 _axiv, 80 p. : ill. (color) ; 30 cm
650 _aLabor supply--Effect of technological innovations on--Sri Lanka
650 _aTechnological unemployment--Sri Lanka
710 _aTANDEM Research
856 _uhttps://researchrepository.ilo.org/esploro/outputs/book/Future-of-work-in-Sri-Lanka/995219354202676/filesAndLinks?index=0
942 _cRP
999 _c4747
_d4747